000
00323nam a22001457a 4500
008
210430b ||||| |||| 00| 0 eng d
020
_a
9780470183595
041
_a
eng
080
_2
4th
_a
070
082
_a
070
100
_a
39
101
_a
MED
245
_a
Clinical Interviewing
_c
John S. Flanagan
942
_2
udc
_c
BK
999
_c
57071
_d
57071